| 000 | 00968nam a22002898i 4500 | ||
|---|---|---|---|
| 001 | 016525598 | ||
| 003 | EG-ScBUE | ||
| 005 | 20250121100819.0 | ||
| 008 | 131009t2014 flua f 001 0 eng d | ||
| 020 | _a9781466575219 (hbk.) | ||
| 040 |
_aStDuBDS _beng _cStDuBDS |
||
| 082 | 0 | 4 |
_a530 _222 _bMAT |
| 100 | 1 |
_aMatolyak, John, _eauthor. |
|
| 245 | 1 | 0 |
_aEssential physics / _cJohn Matolyak, emeritus professor, Indiana University of Pennsylvania, Ajawad Haija, Indiana University of Pennsylvania. |
| 264 | 1 |
_aBoca Raton, FL : _bCRC Press, Taylor & Francis, _c[2014] |
|
| 264 | 4 | _cc2014 | |
| 300 |
_axvii, 454 pages : _billustrations (black and white) ; _c26 cm |
||
| 336 |
_2rdacontent _atext _btxt |
||
| 337 |
_aunmediated _2rdamedia _bn |
||
| 338 |
_avolume _bnc _2rdacarrier |
||
| 500 | _aIncludes index. | ||
| 650 | 7 |
_aPhysics. _2BUEsh |
|
| 653 |
_bENGGEN _cMarch2015 |
||
| 655 |
_vReading book _934232 |
||
| 700 | 1 |
_aHaija, Ajawad, _eauthor. |
|
| 942 |
_2ddc _cBB |
||
| 999 |
_c19040 _d19012 |
||